=LDR 00000nam 2200000 4500 =001 INLIS000000000006310 =005 20251106014226 =035 ##$$a 0010-1125000184 =007 ta =008 251106###########################0#ind## =082 ##$$a 306.85 =084 ##$$a 306.85 SAR h =100 #$$a Sarlito W . Sarwono =245 1#$$a Hubungan Cinta Dalam Keluarga: Ayah-Ibu-Anak : $b - /$c Sarlito W . Sarwono ; Badan Koordinasi Keluarga Berencana Nasional =260 ##$:$b Badan Koordinasi Keluarga Berencana Nasional =300 ##$$a 5 hal : $b - ; $c 21 cm =650 #4$$a Keluarga Berencana =710 #$$a Badan Koordinasi Keluarga Berencana Nasional =856 ##$$a Perpustakaan Kemendukbangga